000 01298nam a2200301 i 4500
003 EG-GICUC
005 20260421140213.0
008 260420s2007 au ||||fr|||| 001 0 ara d
040 _a EG-GICUC
_bara
_c EG-GICUC
_d EG-GICUC
_erda
041 _aara
082 0 4 _221
_a341.77
_bم ح . و
092 0 4 _221
099 _aLaw1 11 2007 341.77 م ح . و
100 0 _aمحمود شريف بسيوني
_eمجمع.
245 1 2 _aالوثائق الدولية والإقليمية المعنية بالعدالة الجنائية:
_bالوثائق الدولية والاقليمية /
_cتجميع محمود شريف بسيوني، خالد محيي الدين.
_nالجزء الاول،
264 _aالقاهرة :
_bدار النهضة العربية ،
_c2007.
300 _a572 صفحة
_c24 سم.
_bإيضاحيات، صور، مثيليات ؛
336 _2rda content
_atext
337 _2rda media
_aComputer
338 _2rda carrier
_aOnline Resource
504 _aيشتمل علي ارجاعات ببليوجرافية.
650 0 4 _aالقانون الدولي العام.
_2qrmak
651 1 _2qrmak
700 _aخالد محي الدين
_eمجمع.
856 4 0 _uhttps://fll.law.cu.edu.eg/fulltext/bks/B10-09888.pdf
905 _a168
_eEman
942 _2ddc
_cBK
_e21
_n0
999 _c72061
_d72061